logo

Bir Sreshtho Munshi Abdur Rouf Library
Jhenaidah Cadet College

বাঙালি জাতির কলঙ্কিত অধ্যায়: (Record no. 11387)

MARC details
000 -LEADER
fixed length control field 00902nam a2200241 a 4500
001 - CONTROL NUMBER
JCCL Control Number 11387
003 - CONTROL NUMBER IDENTIFIER
JCCL marc code BD-JhCC
005 - DATE AND TIME OF LATEST TRANSACTION
control field 20190909092920.0
008 - FIXED-LENGTH DATA ELEMENTS--GENERAL INFORMATION
fixed length control field 190909b 2018bg |||| ||a| 000 0 ben d
020 ## - INTERNATIONAL STANDARD BOOK NUMBER
International Standard Book Number 97898490080710
035 ## - SYSTEM CONTROL NUMBER
system control number (BD-JhCC)11387
040 ## - CATALOGING SOURCE
Original cataloging agency BD-JhCC
Modifying agency BD-JhCC
041 ## - LANGUAGE CODE
Language code of Book ben
082 ## - DEWEY DECIMAL CLASSIFICATION NUMBER
Classification number 923
Author mark and Year BAN 2018
245 ## - TITLE STATEMENT
Title বাঙালি জাতির কলঙ্কিত অধ্যায়:
Remainder of title রক্তাক্ত ১৫ আগস্ট /
Statement of responsibility, etc সম্পাদিত: ড. আনু মাহমুদ ।
260 ## - PUBLICATION, DISTRIBUTION, ETC. (IMPRINT)
Place of publication, distribution, etc ঢাকা:
Name of publisher, distributor, etc ন্যাশনাল পাবলিকেশন;
Date of publication, distribution, etc ২০১৮.
300 ## - PHYSICAL DESCRIPTION
Pagination ৭১৮ পৃ. :
Dimensions ২২ সেমি.
600 ## - SUBJECT ADDED ENTRY--PERSONAL NAME
Personal name Mujibur Rahman, Sheikh,
Dates associated with a name 1920-1975
650 ## - SUBJECT ADDED ENTRY--TOPICAL TERM
Topical term or geographic name as entry element Politics and government
Geographic subdivision Bangladesh
700 ## - ADDED ENTRY--PERSONAL NAME
Personal name মাহমুদ, ড. আনু
942 ## - ADDED ENTRY ELEMENTS (KOHA)
Source of classification or shelving scheme Dewey Decimal Classification
Koha item type Books
Holdings
Source of classification or shelving scheme Damaged status Not for loan Home library Current library Shelving location Date of accession Cost, normal purchase price Total Checkouts Full call number Barcode Date last seen Copy number Koha item type
Dewey Decimal Classification     JCC Rouf Library JCC Rouf Library General Stacks 09/09/2019 850.00   923 BAN 2018 15291 09/09/2019 C-1 Books
Dewey Decimal Classification     JCC Rouf Library JCC Rouf Library General Stacks 09/09/2019 700.00   923 BAN 2018 15453 09/09/2019 C-2 Books
Dewey Decimal Classification     JCC Rouf Library JCC Rouf Library General Stacks 09/09/2019 700.00   923 BAN 2018 15454 09/09/2019 C-3 Books

JCC Library | Contacts | JCC Home

Last Update on 23 September 2017
Copyright @ 2017-2020 JCC Rouf Library
Rouf Library, Jhenidah Cadet College (JCC), Bangladesh